000 00337nam a2200145Ia 4500
008 230211s9999 xx 000 0 und d
020 _a81-7023-030-6
041 _aeng
082 _a658
100 _aDrucker P F
_9106321
245 _aPractice Of Management
260 _bAllied Publication
_c2000
300 _a404p
906 _b20.0
999 _c98147
_d98147